| 000 | 00829nam a2200289Ia 4500 | ||
|---|---|---|---|
| 001 | G3931 | ||
| 003 | IT-RoPAU | ||
| 008 | 130308s9999 xx 000 0 und d | ||
| 040 | _aIT-RoPAU | ||
| 040 | _cIT-RoPAU | ||
| 041 | _aINGLESE | ||
| 100 | _aButton Graham | ||
| 100 | _gCodice Aut. SPICS: 54676 | ||
| 245 | _aOn Member'S Time | ||
| 245 | _bFormes de la Conversation (Les)-Volume 1 | ||
| 250 | _a1a ed. | ||
| 260 | _aPARIS | ||
| 260 | _bCNET | ||
| 260 | _c1990 [1° Ed.:1990 - Ed.Ling.Originale:1990] | ||
| 300 | _a"22 p. (prefazione: no ; testo: 22 [pagine: 161-182])" | ||
| 500 | _aSul Tempo dei Soci. Formulazioni Temporali. Costruzione di Mutua Disponibilità e Mutuo Rapporto. | ||
| 650 | _aSAGGI DI LINGUISTICA | ||
| 650 | _eCodice materia Spics: 3207 | ||
| 942 | _cBK | ||
| 957 | _71 | ||
| 999 |
_c78045 _d78045 |
||
| 999 | _g1 | ||